000 01021nam a2200253 i 4500
001 169128
003 ES-MaACL
005 20250812062537.0
008 080819s1955 sp f |||| | spa d
080 _a321.77
100 1 _aCantalupo, Roberto.
_934622
245 1 0 _aActualidad del retorno a las monarquías en Europa /
_cRoberto Cantalupo; presentación por Florentino Pérez Embid.
260 _aMadrid :
_bAteneo,
_c1955.
300 _a37 p. :
_b1 lám. ;
_c19 cm.
490 1 _aColección "O crece o muere" ;
_v92
500 _aEl original fue dado a conocer por el autor en el Ateneo de Madrid dentro del ciclo "Tendencias actuales del pensamiento europeo", el día 18 de abril de 1955.
610 2 7 _aAteneo de Madrid-
_vConferencias-
_y1940-1982.
_91908
650 4 _aMonarquía-
_zEuropa.
_9163471
700 1 _aPérez-Embid, Florentino,
_d1918-1974
_990840
830 0 0 _aColección "O crece o muere"
_v92
_9183476
852 _aES-MaACL
_jJ-24(92)
852 _aES-MaACL
_jJ-25(92)
999 _c169128
_d169128